000 00350cam a2200145ua 4500
041 _amal
_h
082 _a894.8122
_bVAR/IR
100 _aVarkey, Ponkkunnam .
245 _aIrumbce Mara /
_cVarkey.
_hTextual Documents
260 _a :
_bPrabhatham printing pub ,
_c1966.
300 _a160 ; .
504 _a
942 _cBK
999 _c11733
_d11733